Podvojné účtovníctvo podnikateľov : praktická príručka, doplnená a aktualizovaná k 1.1.2020 /
Salvato in:
| Autore principale: | |
|---|---|
| Natura: | Libro |
| Lingua: | slovacco |
| Pubblicazione: |
Bratislava :
Ceniga,
2020
|
| Edizione: | 19. dopl. a aktual. vyd. |
| Soggetti: | |
| Accesso online: | OBSAH |
| Tags: |
Nessun Tag, puoi essere il primo ad aggiungerne!!
|
MARC
| LEADER | 00000nam a22000003a 4500 | ||
|---|---|---|---|
| 001 | 0092553 | ||
| 005 | 20211217131244.1 | ||
| 008 | 120706s2012----xo------------------slo-d | ||
| 020 | |a 978-80-973274-1-5 | ||
| 040 | |a STU |b slo | ||
| 041 | 0 | |a slo | |
| 044 | |a xo | ||
| 080 | |a 657 | ||
| 100 | 1 | |a Cenigová, Anna |4 aut | |
| 245 | 1 | |a Podvojné účtovníctvo podnikateľov : |b praktická príručka, doplnená a aktualizovaná k 1.1.2020 / |c aut. Anna Cenigová | |
| 250 | |a 19. dopl. a aktual. vyd. | ||
| 260 | |a Bratislava : |b Ceniga, |c 2020 | ||
| 300 | |a 662 s. | ||
| 650 | 7 | |a podvojné účtovníctvo |2 stusub | |
| 856 | 4 | |a https://sweb.mtf.stuba.sk/obsahy/podvojne_uctovnictvo_podnikatelov_12 |u https://sweb.mtf.stuba.sk/obsahy/podvojne_uctovnictvo_podnikatelov_12 |3 OBSAH | |
| 996 | |b 284M088986 |c M* 14587-1 |l MMKN |s A |a 24 |w 0092553_0001 | ||